Normal view
MARC view
Entry Personal Name
001 - CONTROL NUMBER
- control field: 23716
003 - CONTROL NUMBER IDENTIFIER
- control field: dpl
005 - DATE AND TIME OF LATEST TRANSACTION
- control field: 20101020151255.0
008 - FIXED-LENGTH DATA ELEMENTS
- fixed length control field: 101020|||a|||||| | ||| d
040 ## - CATALOGING SOURCE
- Original cataloging agency: dpl
- Transcribing agency: dpl
100 ## - HEADING--PERSONAL NAME
- Personal name: डंगवाल, वीरेन
670 ## - SOURCE DATA FOUND
- Source citation: Work cat.: (dpl): डंगवाल, वीरेन, दुश्चक्र में स्रष्टा /, 2006 ( पु. मु.)
670 ## - SOURCE DATA FOUND
- Source citation: Work cat.: (dpl): डंगवाल, वीरेन, दुश्चक्र में स्रष्टा /, 2006 ( पु. मु.)
